000 00337nam a2200145Ia 4500
003 OSt
005 20240301112517.0
008 170524s9999 xx 000 0 und d
020 _a978-8184110968
040 _ciimtu meerut
100 _aRAJSEKAR- T
245 0 _aJOURNALISM ADMINISTRATION
260 _bN DELHI SONALI
942 _2ddc
_c02
999 _c9304
_d9304